|
|
|
|
| LEADER |
01452nam a2200337 a 4500 |
| 001 |
28024 |
| 003 |
BD-DhAAL |
| 005 |
20150208125929.0 |
| 008 |
140615s1995 nyua b 001 0 eng |
| 010 |
|
|
|a 94030569
|
| 020 |
|
|
|a 0471309583 (cloth : acidfree paper)
|
| 020 |
|
|
|a 0471192112 (paper)
|
| 020 |
|
|
|a 9780471192114
|
| 040 |
|
|
|a DLC
|c DLC
|d DLC
|d BD-DhAAL
|
| 050 |
0 |
0 |
|a TA658.48
|b .A48 1995
|
| 082 |
0 |
0 |
|a 693/.852
|2 20
|
| 100 |
1 |
|
|a Ambrose, James E.
|9 5054
|
| 245 |
1 |
0 |
|a Simplified building design for wind and earthquake forces /
|c James Ambrose, Dimitry Vergun.
|
| 250 |
|
|
|a 3rd ed.
|
| 260 |
|
|
|a New York :
|b Wiley,
|c c1995.
|
| 300 |
|
|
|a x, 355 p. :
|b ill. ;
|c 26 cm.
|
| 490 |
|
0 |
|a Parker-Ambrose series of simplified design guides
|
| 500 |
|
|
|a "A Wiley-Interscience Publication."
|
| 504 |
|
|
|a Includes bibliographical references (p. 347-348) and indexes.
|
| 650 |
0 |
0 |
|a Wind resistant design.
|9 5055
|
| 650 |
0 |
0 |
|a Earthquake resistant design.
|9 5056
|
| 700 |
1 |
|
|a Vergun, Dimitry,
|d 1933-
|9 5057
|
| 942 |
|
|
|2 ddc
|c BK
|
| 999 |
|
|
|c 14434
|d 14434
|
| 952 |
|
|
|0 0
|1 0
|2 ddc
|4 0
|6 693_852000000000000_AMB
|7 0
|9 24439
|a BRACUL
|b BRACUL
|c GEN
|d 2014-06-15
|e Karim International
|g 6900.00
|l 1
|m 30
|o 693.852 AMB
|p 3010028024
|r 2022-05-29
|s 2019-09-30
|t 1
|w 2014-06-15
|y BK
|
| 952 |
|
|
|0 0
|1 0
|2 ddc
|4 0
|6 693_852000000000000_AMB
|7 0
|9 24440
|a BRACUL
|b BRACUL
|c GEN
|d 2014-06-15
|e Karim International
|g 6900.00
|l 4
|m 43
|o 693.852 AMB
|p 3010028023
|r 2025-06-23
|s 2025-02-24
|t 2
|w 2014-06-15
|y BK
|